000 00722nam a2200241Ia 4500
003 OSt
005 20220927105828.0
006 a|||||r|||| 00| 0
007 ta
008 220926b |||||||| |||| 00| 0 eng d
020 _a0691016828
024 _a205613
037 _cReference Collections
040 _aRTL
_cRTL
_beng
041 _2eng
_aeng
082 _a"W695.5, M9"
100 _aBORNEMAN John
_9375367
245 0 _aSettling accounts
_b" Violence, Justice, and accountibility in Postsocialist Europe"
260 _a"Princeton,"
_b"Princeton University Press, "
_c1989
300 _axiii. 197p
_ccm.
942 _h"W695.5, M9"
_cCC
999 _c694919
_d694919